000 00369 a2200121 4500
001 ART_12700
005 20260410161909.0
008 260409a
245 1 0 _aDomestic saving and International capital flows
100 1 _aFeldstein, Martin
700 1 _aHorioka, Charles
773 0 _tThe Economic Journal
_g- Vol. 90, NÂș 358 (jun. 1980)
_wREV12512
999 _c26593
_d26593